000 00674nam a22002417a 4500
005 20170124110215.0
010 _a171818
020 _c00.00
035 _a171818
037 _bCen Lib/Ret
040 _aDPL
_bEN
082 _a025.32
_bALA
245 _aA.L.A. cataloguing rules for author and title entries /
_cedited by Clara Beetle
250 _a2nd ed
260 _bAmerican Library Association
_aChicago
_c1949
270 _bChicago
300 _axxi,265p.
_c23cm(Hb)
500 _aIncludes index
650 _aCataloging
_973667
650 _aLibrary science
_973668
700 _aBeetle, Clara
_938837
942 _2ddc
_cEN
_h025.32
_mALA
999 _c133760
_d133760